American historical review (Record no. 17051)

000 -LEADER
fixed length control field 00330nas a2200133Ia 4500
040 ## - CATALOGING SOURCE
Transcribing agency IRU
082 ## - DEWEY DECIMAL CLASSIFICATION NUMBER
Classification number 973 MAC 1896 A087 Or.
245 00 - TITLE STATEMENT
Title American historical review
260 ## - PUBLICATION, DISTRIBUTION, ETC. (IMPRINT)
Place of publication New York :
Name of publisher Macmillan,
Year of publication 1896-
300 ## - PHYSICAL DESCRIPTION
Number of Pages v. :
Other physical details maps. ;
Dimensions 27 cm
650 #0 - SUBJECT ADDED ENTRY--TOPICAL TERM
Topical Term History
710 2# - ADDED ENTRY--CORPORATE NAME
Corporate name or jurisdiction name as entry element American Historical Association
942 ## - ADDED ENTRY ELEMENTS (KOHA)
Koha item type សៀវភៅភាសាអង់គ្លេស
952 ## - LOCATION AND ITEM INFORMATION (KOHA)
Withdrawn status [LOCAL, KOHA] 0
Holdings
Permanent Location Date acquired Koha item type Lost status Shelving location Barcode Current Location Full call number
Library Block A2018-07-23សៀវភៅភាសាអង់គ្លេស A087A15067Library Block A973 MAC 1896 A087 Or.
មជ្ឈមណ្ឌលឯការនៃសាកលវិទ្យាល័យភូមិន្ទកសិកម្មចំការដូង

Powered by Koha